000 02642cam a22005294i 4500
003 PE-LiUPU
005 20250731165600.0
008 150625s r 000 0 d
020 _a9972403203
035 _a(Sirsi) i9789972403200
040 _aPE-LiUPU
_bspa
_cPE-LiUPU
_erda
049 _aPRUA
082 0 4 _a985.008
_bA811
_221
245 0 0 _aAtlas regional del Perú : Huancavelica :
_bimagen geográfica, estadística, histórica y cultural.
_n11 /
_c[dirección de investigación y redacción], Carlos Garayar.
264 1 _aLima :
_bPEISA,
_c2003.
300 _a79 páginas :
_bIl.; mapas, fotos, col. ;
_c28 centímetros
336 _atext
_2rdacontent
337 _aunmediated
_2rdamedia
338 _avolume
_2rdacarrier
505 0 _aGeografía . -Relieve y geología. -Hidrografía. -División política. -Demografía. -Recursos naturales y producción. -Ecología. -Historia. -Huancavelica prehispánico. -Huacavelica Colonial. -De la independencia hasta nuestro días. -Cultura Literatura y arte. -Calendario festivo. -La Atractivos turísticos.
526 _aSEG44
526 _aSEG26
526 _aP151
526 _aP150
526 _aP149
526 _aP146
526 _aP145
526 _aP126
526 _aP125
526 _aP92
526 _aP75
526 _aP74
526 _aP27
526 _aP15
650 1 4 _aTurismo
_zPerú
_zHuancavelica.
651 4 _aHuancavelica (Perú : Departamento)
_xDescripciones y viajes
_ySiglo XX.
700 1 _aGarayar, Carlos,
_d1949- ,
_edirector.
942 _2ddc
_cBOOK
949 _aRC 985.008 A8 11
_wDEWEY
_c1
_i56603
_lCCODEBUL1
_mBUL
_p8.00
_r0
_sY
_tBOOK
_u2015-6-25
_xEDUCACION
_zUNKNOWN
_0COMPRA
_o.CIRCNOTE. No olvidar cambiar la fecha de devolución!!!!!!!
_o.STAFF. Colección General
949 _aRC 985.008 A8 11
_wDEWEY
_c2
_i56602
_lCCODEBUL1
_mBUL
_p8.00
_r0
_sY
_tBOOK
_u2015-6-25
_xEDUCACION
_zUNKNOWN
_0COMPRA
_o.CIRCNOTE. No olvidar cambiar la fecha de devolución!!!!!!!
_o.STAFF. Colección General
994 _aC0
_bPEPRU
596 _a1
999 _aRC 985.008 A8 11
_wDEWEY
_c45782
_i56603
_f2021-11-9
_g5
_lCCODEBUL1
_mBUL
_p8.00
_r1
_sY
_tBOOK
_u2015-6-25
_xEDUCACION
_zUNKNOWN
_0COMPRA
_o.CIRCNOTE. No olvidar cambiar la fecha de devolución!!!!!!!
_o.STAFF. Colección General
_d45782
999 _aRC 985.008 A8 11
_wDEWEY
_c2
_i56602
_f2021-11-9
_g5
_lCCODEBUL1
_mBUL
_p8.00
_r1
_sY
_tBOOK
_u2015-6-25
_xEDUCACION
_zUNKNOWN
_0COMPRA
_o.CIRCNOTE. No olvidar cambiar la fecha de devolución!!!!!!!
_o.STAFF. Colección General
980 _81
_gALBERTO SANCHEZ Responsable de Automatización